000 01140cam a2200325Ia 4500
001 7844489
003 OSt
005 20150709095750.0
006 m d
007 cr n
008 050825s2006 caua s 001 0 eng d
020 _a9781590596043
020 _a1590596048
040 _aSEKU
050 4 _aTK 5105.8885.S76
_bD6
100 1 _aDoray, Arnold.
210 1 0 _aBeginning Apache Struts
245 1 0 _aBeginning Apache Struts :
_bfrom novice to professional /
_cArnold Doray.
260 _aBerkeley, CA :
_bApress ;
_aNew York :
_bdistributed by Springer-Verlag,
_c2006.
300 _a508 p. :
_bill.
490 1 _aExpert's voice in Java
650 0 _aStruts framework.
650 0 _aWeb sites
_xAuthoring programs.
650 0 _aWeb site development.
773 0 _tSpringerLink ebooks - Professional and Applied Computing (2006)
830 0 _aExpert's voice in Java.
856 4 0 _uhttp://www.columbia.edu/cgi-bin/cul/resolve?clio7844489
_zFull text available from SpringerLink ebooks - Professional and Applied Computing (2006)
910 _aVendor-generated brief record
942 _2lcc
_cGEN
999 _c5428
_d5428